000 00548nam a2200205Ia 4500
003 0100
008 130227s9999 xx 000 0 und d
040 _cARRUPELIB
050 _aBX2350.7.H68
100 _aHoudek, Frank J.
_96727
245 _aGuided by the spirit
245 _ba Jesuit perspective on spiritual direction
260 _aChicago
260 _aChicago
_bLoyola Press
_c1996
300 _a181p.
300 _b 23 cm
650 _aSpiritual direction
_96728
650 _aSpiritual directors
_96729
942 _2lcc
_cMONOGRAPH
_04
999 _c2809
_d2809